000 00423nam a2200169Ia 4500
003 GCL
008 140319s9999 xx 000 0 ara d
040 _aGCL /
_cGCL
082 0 4 _a398.2
_bا ا
100 1 _aاحمد كمال زكى
245 1 0 _aالاساطير /
_cاحمد كمال زكى
300 _a96 ص
490 _a
650 0 4 _aالاساطير
650 0 4 _aالاساطير ، علم
942 _2ddc
_cBK
999 _c42658
_d42658